000 00355nam a2200157Ia 4500
100 _aMarchewka/Jack T
650 _aProject Management
942 _cBK
366 _f25
245 _aInformation technology Project Management
260 _bWiley India
_c2010
082 _a5.15
_bMAR
300 _a113
546 _aENGLISH
_celectronics
999 _c27957
_d27957